000 00208nam a2200085Ia 4500
008 180219s9999 xx 000 0 und d
100 _aSharma R A
245 0 _aManaging Curriculum
260 _aVinay Rakheja R. Lall Meerut
260 _c2012
999 _c42226
_d42226